Statistics for Guess the Tube Station

Click here to take the quiz!

General Stats

  • This quiz has been taken 61 times
  • The average score is 11 of 16

Answer Stats

Answer% Correct
Oxford Circus
84%
Waterloo
82%
Green Park
80%
Tottenham Court Road
80%
Baker Street
78%
King's Cross St. Pancras
76%
Liverpool Street
76%
London Bridge
75%
Leicester Square
73%
Stratford
69%
Holborn
67%
Finsbury Park
58%
Hammersmith
55%
Aldgate
53%
West Ham
45%
Shepherd's Bush
36%

Score Distribution

Percentile by Number Answered

Percent of People with Each Score

Your Score History

You have not taken this quiz